000 00792cam a22002657a 4500
003 CHAP
005 20220329140745.0
008 971013s1923 r 00010 d
010 _a57160
011 _a58132
035 _a62287
040 _cCHAP
082 _a553.1
_bS58
100 0 0 _aSpurr, Josiah Edward.
_9109315
245 1 4 _aThe ore magmas
_b: a series of essays on ore deposition
260 _aNew York :
_bMcGraw-Hill,
_c1923
300 _a2 v.
_b: ilus.
590 _aBATCH-UPD
_b10
_c20130110
_lUCH01
_h0750
590 _aCONVERSION
_b10
_c20130109
_lUCH01
_h1331
650 1 4 _aYacimientos minerales.
_9122929
901 _aBK
942 _cLIBRO
949 _a553.1 S58
_bBC
_cBPP
_d-133522
_eBPP
_h7899
_i62287
_si
949 _a553.1 S58
_bBC
_cBPP
_d-133524
_eBPP
_fc.2
_h7900
_i62287
_si
999 _c57160
_d57160